The Lord of the Rings - Statistics

General Stats
  • This quiz has been taken 1,347 times
  • The average score is 8 of 10
Answer Stats
Hint Answer % Correct
The Dark Lord Sauron
96%
Place where the Ring must be destroyed Mount Doom
94%
Frodo's Place of Birth The Shire
88%
Bag ___ End
84%
The Capital City of Gondor Minas Tirith
80%
The Inn in Bree The Prancing Pony
79%
Great Stronghold of Rohan Helms Deep
67%
Location where Frodo is stabbed Weathertop
67%
Breed of Wolf Warg
64%
Complete the name. _______ Halfelven Elrond
55%
No matching quizzes found
Score Distribution
Percent of People with Each Score
Percentile by Number Answered
Your Score History
You have not taken this quiz